Estructuras de varios pisos (Record no. 128370)

MARC details
000 -LEADER
campo de control de longitud fija 00835nam a2200229 i 4500
001 - NÚMERO DE CONTROL
campo de control 128370
003 - IDENTIFICADOR DE NÚMERO DE CONTROL
campo de control ES-MaACL
005 - FECHA Y HORA DE LA ÚLTIMA TRANSACCIÓN
campo de control 20250902221213.0
007 - CAMPO FIJO DE DESCRIPCIÓN FÍSICA--INFORMACIÓN GENERAL
campo de control de longitud fija t|
008 - DATOS DE LONGITUD FIJA--INFORMACIÓN GENERAL
campo de control de longitud fija 070509s1969 mx ||||1| spa d
080 ## - NÚMERO DE LA CLASIFICACIÓN DECIMAL UNIVERSAL
Número de la Clasificación Decimal Universal 624.042
100 1# - ENTRADA PRINCIPAL--NOMBRE DE PERSONA
Nombre de persona Takabeya, F.
9 (RLIN) 109095
245 10 - MENCIÓN DEL TÍTULO
Título Estructuras de varios pisos
Resto del título : cálculo y tablas de momentos : métodos de Cross, Kani y Takabeya /
Mención de responsabilidad, etc. F. Takabeya ; [traducido por Gaspar Abraham Seguí y Guillermo Rosselló Ramonell.
250 ## - MENCION DE EDICION
Mención de edición 1ª ed.
260 ## - PUBLICACIÓN, DISTRIBUCIÓN, ETC.
Lugar de publicación, distribución, etc. México :
Nombre del editor, distribuidor, etc. Compañía Editorial Continental,
Fecha de publicación, distribución, etc. [1969]
300 ## - DESCRIPCIÓN FÍSICA
Extensión XI, 269 p. :
Otras características físicas il. ;
Dimensiones 25 cm.
650 #4 - PUNTO DE ACCESO ADICIONAL DE MATERIA--TÉRMINO DE MATERIA
Término de materia o nombre geográfico como elemento de entrada Estructuras (Construcción)-
Subdivisión general Cálculo
9 (RLIN) 12570
700 1# - ENTRADA AGREGADA--NOMBRE PERSONAL
Nombre de persona Abraham Segui, Gaspar,
9 (RLIN) 18125
700 1# - ENTRADA AGREGADA--NOMBRE PERSONAL
Nombre de persona Rosselló Ramonell, Guillermo.
9 (RLIN) 99847
852 ## - LOCALIZACIÓN
Ubicación ES-MaACL
Número de control de estantería C-37746
Sublocalización o colección R.71605
Holdings
Estatus retirado Estado de pérdida Estado de daño No para préstamo Biblioteca de origen Biblioteca actual Ubicación en estantería Fecha de adquisición Fuente de adquisición Total de préstamos Signatura topográfica completa Código de barras Visto por última vez Precio de reemplazo Tipo de ítem Koha
        Biblioteca del Ateneo de Madrid Biblioteca del Ateneo de Madrid Depósito 2 17/01/2008     C-37746 1133698 23/02/2023 23/02/2023 Libro impreso